LEADER 01090nam a2200289 i 4500 001 991004036259707536 005 20020506112430.0 008 000908s1978 us ||| | eng 020 $a040414568X 035 $ab10590146-39ule_inst 035 $aEXGIL131061$9ExL 040 $aBiblioteca Interfacoltà$bita 082 0 $a155.8 100 1 $aLévy-Bruhl, Lucien$031295 245 10$aPrimitive mentality /$cby Lucien Lévy-Bruhl ; authorized translation by Lilian A. Clare 260 $aNew York :$bAMS Press,$c1978 300 $a458 p. ;$c23 cm. 500 $aReprint of the 1923 ed. published by Macmillan, New York 500 $aContiene riferimenti bibliografici e indice 500 $aTit. orig.: La mentalité primitive 650 4$aPopoli primitivi$xPsicologia 907 $a.b10590146$b02-04-14$c27-06-02 912 $a991004036259707536 945 $aLE002 Fil. V G 11$g1$iLE002-14241/P4$lle002$o-$pE0.00$q-$rl$s- $t0$u0$v0$w0$x0$y.i10674196$z27-06-02 996 $aPrimitive mentality$9237046 997 $aUNISALENTO 998 $ale002$b01-01-00$cm$da $e-$feng$gus $h0$i1 LEADER 01185nam0 22003011i 450 001 UON00039355 005 20231205102138.800 100 $a20020107d1970 |0itac50 ba 101 $aeng 102 $aUS 105 $a|||| 1|||| 200 1 $aArt of India and Southeast Asia$ftext by Hugo Munsterberg 210 $aNew York$cHarry N. Abrams$d1970 215 $a263 p.$cill.$d23 cm 316 $aMM.BB.CC.AA.$5IT-UONSI INTIXA/010 606 $aARTE INDIANA$xMANUALI$3UONC013298$2FI 606 $aASIA ORIENTALE$xARTE$xMANUALI$3UONC013299$2FI 606 $aSUDEST ASIATICO$xARTE$xMANUALI$3UONC013300$2FI 620 $aUS$dNew York$3UONL000050 686 $aINT IX A$cINTERAREALE - ARTI - STORIA DELL'ARTE$2A 700 1$aMunsterberg$bHugo$3UONV025689$0444137 712 $aAbrams$3UONV253590$4650 801 $aIT$bSOL$c20251003$gRICA 899 $aSIBA - SISTEMA BIBLIOTECARIO DI ATENEO$2UONSI 912 $aUON00039355 950 $aSIBA - SISTEMA BIBLIOTECARIO DI ATENEO$dSI INT IX A 010 $eSI SA 90126 7 010 MM.BB.CC.AA. 996 $aArt of India and Southeast Asia$91155350 997 $aUNIOR